| 000 | 00354nam a2200133Ia 4500 | ||
|---|---|---|---|
| 008 | 210210b1975 xxu||||| |||| 00| 0 eng d | ||
| 082 | _a350.02 SACS | ||
| 100 | _aSACHDEVA and GUPTA. | ||
| 245 | _aSimple study of public administration. | ||
| 260 |
_aDelhi _bAjanta Prakashana _c1975 |
||
| 300 | _a340 | ||
| 690 | _aPublic Administration | ||
| 906 | _a032453 | ||
| 999 |
_c83438 _d83438 |
||